|
|
|
|
| LEADER |
00000nam0a2200000 4500 |
| 001 |
248159 |
| 005 |
20231101232349.0 |
| 035 |
|
|
|a (RuTPU)RU\TPU\book\269862
|
| 090 |
|
|
|a 248159
|
| 100 |
|
|
|a 20140118d1988 m y0rusy50 ca
|
| 101 |
0 |
|
|a rus
|
| 102 |
|
|
|a RU
|
| 105 |
|
|
|a a z 001zy
|
| 200 |
1 |
|
|a Системное программное обеспечение персональных ЭВМ
|e учебное пособие
|f С. В. Ясеновский, С. В. Мизрохи, А. Д. Тузиков
|g Московский экономико-статистический институт
|
| 210 |
|
|
|a Москва
|d 1988
|
| 215 |
|
|
|a 133 с.
|c ил.
|
| 320 |
|
|
|a Библиогр.: с. 132.
|
| 606 |
1 |
|
|a Персональные ЭВМ
|2 stltpush
|3 (RuTPU)RU\TPU\subj\71057
|9 85120
|
| 610 |
1 |
|
|a программное обеспечение
|
| 610 |
1 |
|
|a системное обеспечение
|
| 610 |
1 |
|
|a учебные пособия
|
| 610 |
1 |
|
|a операционная система ОС/2
|
| 610 |
1 |
|
|a архитектура
|
| 610 |
1 |
|
|a файлы
|
| 610 |
1 |
|
|a регистры
|
| 610 |
1 |
|
|a Ассемблер
|
| 675 |
|
|
|a 681.3(075.8)
|v 3
|
| 675 |
|
|
|a 004.382.7(075.8)
|v 4
|
| 700 |
|
1 |
|a Ясеновский
|b С. В.
|g Сергей Владимирович
|
| 701 |
|
1 |
|a Мизрохи
|b С. В.
|g Сергей Владимирович
|
| 701 |
|
1 |
|a Тузиков
|b А. Д.
|g Александр Дмитриевич
|
| 712 |
0 |
2 |
|a Московский экономико-статистический институт
|2 stltpush
|3 (RuTPU)RU\TPU\col\19221
|
| 801 |
|
1 |
|a RU
|b 63413507
|c 20140118
|
| 801 |
|
2 |
|a RU
|b 63413507
|c 20140424
|g RCR
|
| 942 |
|
|
|c BK
|